|
|
|
|
| LEADER |
00000cam a2200000 7i4500 |
| 001 |
0000005375 |
| 002 |
000005807 |
| 005 |
20091009.0 |
| 020 |
|
|
|a 9679567362
|
| 090 |
0 |
0 |
|a 591.51
|b WIL
|
| 100 |
1 |
|
|a Williams, John
|
| 245 |
1 |
0 |
|a Burung layang-layang
|c John Williams ; illustrasi oleh Jackie Harland
|
| 260 |
|
|
|a Petaling Jaya :
|b Penerbit Pan Earth Sdn. Bhd. ,
|c 1992
|
| 300 |
|
|
|a 31p. :
|b ill. ;
|c 18cm.
|
| 490 |
0 |
|
|a Siri Kitar Hidup Haiwan
|
| 650 |
0 |
0 |
|a Sparrows
|x Juvenile literature
|
| 700 |
1 |
|
|a Harland, Jackie ,
|e illustrasi
|
| 999 |
|
|
|a 022729
|b BUKU
|c JUNIOR REFERENCE
|e PERPUSTAKAAN KOMUNITI PETALING JAYA
|